000 00953nam a22003137a 4500
001 BR0400885
003 BR-BrBNA
005 20230928101509.0
007 ta
008 230509b bl.||||| |||| 00| 0 por d
040 _aBR-BrBNA
_bpor
_cBiblioteca Nacional de Agricultura
041 _a(Por)
072 _aL73
_b5212
_b4110
090 _ 5212 BR0400885
100 1 _aLeal, D.D.M.
110 1 _aUniversidade Federal de Lavras, MG (Brasil)
_0Tese (Mestrado)
245 1 _aCaracterização e identificação de Listeria monocytogenes e bactérias Gram negativas em mastite clínica e subclínica
260 3 _aLavras, MG (Brasil):
_c1999.
300 _a47 p.
500 _aSummaries (Eng, Por); Bibliography p. 35-47; 5 tables
650 _aBOVINO
650 _aMAMITE
650 _aBACTÉRIA PATOGÊNICA
650 _aIDENTIFICAÇÃO
650 _aLEITE
650 _aQUALIDADE
909 _a202309
_bLucia
_c55
_dLucia Elande
942 _cBK
999 _c66118
_d66118